| 000 | 00911nam a2200205 4500 | ||
|---|---|---|---|
| 001 | 117840 | ||
| 003 | ES-MaACL | ||
| 005 | 20250828095218.0 | ||
| 007 | t| | ||
| 008 | 070214s1984 sp r ||||1| spa d | ||
| 100 | 1 |
_aPereira Rodríguez, Jorge Juan. _990490 |
|
| 245 | 1 | 0 |
_aRégimen fiscal de la empresa _b: (fiscal 5ª) / _cpreparada por Jorge Juan Pereira Rodríguez, Luis A. Pérez González. |
| 260 |
_aMadrid : _bUniversidad Nacional de Educación a Distancia, Facultad de Ciencias Económicas y Empresariales, _c1984. |
||
| 300 |
_a2 v. ; _c24 cm. |
||
| 505 | 8 | _aContiene: Vol 1º Legislación básica, actualizada al 1/10/1984. Vol 2º Supuestos | |
| 700 | 1 |
_aPérez González, Luis A. _990914 |
|
| 710 | 2 |
_aUniversidad Nacional de Educación a Distancia (España). _bFacultad de Ciencias Económicas y Empresariales _97415 |
|
| 852 |
_aES-MaACL _jL-7399-400 _bR.108109 |
||
| 999 |
_c117840 _d117840 |
||